[Event "IECC TH-M email"]
[Site "IECC email"]
[Date "2003.07.28"]
[Round "?"]
[White "Tew, Paul"]
[Black "Hervas, Fernando"]
[Result "1-0"]
[WhiteElo "1846"]
[BlackElo "1911"]
[PlyCount "123"]
[EventDate "2003.??.??"]
[EventType "match (corr)"]
[EventRounds "2"]
[SourceTitle "Corr 2008"]
[Source "ChessBase"]
[SourceDate "2008.06.24"]
[SourceVersion "1"]
[SourceVersionDate "2008.06.24"]
[SourceQuality "1"]

1. d4 d5 2. c4 c6 3. Nf3 Nf6 4. Nc3 dxc4 5. a4 Bf5 6. Ne5 e6 7. f3 Bb4 8. e4 Bxe4 9. fxe4 Nxe4 10. Bd2 Qxd4 11. Nxe4 Qxe4+ 12. Qe2 Bxd2+ 13. Kxd2 Qd5+ 14. Kc2 Na6 15. Nxc4 0-0 16. Qe5 Nb4+ 17. Kb3 c5 18. Re1 Rfe8 19. Kc3 Qc6 20. b3 b5 21. Nd6 Red8 22. Nxf7 Kxf7 23. Bxb5 Nd5+ 24. Kb2 Qd6 25. Rhf1+ Nf6 26. Bc4 Qxe5+ 27. Rxe5 Rd6 28. Rfe1 Re8 29. Rxc5 Re7 30. b4 Red7 31. Rce5 Nd5 32. h4 Nc7 33. Kc3 Nd5+ 34. Kb3 Nc7 35. b5 Ke7 36. a5 Rd8 37. g4 Kf8 38. Bxe6 Nxe6 39. Rxe6 Rd5 40. R6e5 Rd3+ 41. Kc2 R3d7 42. Rf5+ Kg8 43. Re4 Rb7 44. a6 Rbd7 45. Kc3 Rc8+ 46. Kb4 Rb8 47. g5 Rd1 48. Re7 Rb1+ 49. Kc3 Rc8+ 50. Kd3 Rb3+ 51. Ke4 Rb4+ 52. Kf3 Rb3+ 53. Kg4 Rc4+ 54. Rf4 Rxf4+ 55. Kxf4 Rxb5 56. Rxa7 Ra5 57. h5 g6 58. h6 Rf5+ 59. Kg4 Rf1 60. Rc7 Rg1+ 61. Kf4 Rf1+ 62. Ke5 1-0

[Event "IECC TH-M email"]
[Site "IECC email"]
[Date "2003.07.27"]
[Round "?"]
[White "Endean, Andrew"]
[Black "Hervas, Fernando"]
[Result "1/2-1/2"]
[WhiteElo "1690"]
[BlackElo "1902"]
[PlyCount "55"]
[EventDate "2003.??.??"]
[EventType "match (corr)"]
[EventRounds "2"]
[SourceTitle "Corr 2008"]
[Source "ChessBase"]
[SourceDate "2008.06.24"]
[SourceVersion "1"]
[SourceVersionDate "2008.06.24"]
[SourceQuality "1"]

1. d4 Nf6 2. c4 e6 3. g3 d5 4. Bg2 Be7 5. Nf3 0-0 6. 0-0 dxc4 7. Qc2 a6 8. a4 Bd7 9. Qxc4 Bc6 10. Bg5 a5 11. Nc3 Ra6 12. e3 Nbd7 13. Rfd1 h6 14. Bxf6 Nxf6 15. Ne5 Bxg2 16. Kxg2 c6 17. Rac1 Qc7 18. Qe2 Qd6 19. Qc2 Qb4 20. h3 Rd8 21. Nd3 Qb6 22. Nc5 Raa8 23. N3e4 Nxe4 24. Nxe4 Rd5 25. Nc3 Rd7 26. Ne4 Rd5 27. Nc3 Rd7 28. Ne4 1/2-1/2

[Event "IECC CL3-2003.01 email"]
[Site "IECC email"]
[Date "2003.01.08"]
[Round "?"]
[White "Hervas, Fernando"]
[Black "Newton, Hobart E"]
[Result "1-0"]
[WhiteElo "1939"]
[BlackElo "1927"]
[PlyCount "53"]
[EventDate "2003.??.??"]
[EventType "tourn (corr)"]
[EventRounds "4"]
[SourceTitle "Corr 2008"]
[Source "ChessBase"]
[SourceDate "2008.06.24"]
[SourceVersion "1"]
[SourceVersionDate "2008.06.24"]
[SourceQuality "1"]

1. e4 c6 2. d4 d5 3. exd5 cxd5 4. c4 Nf6 5. Nc3 e6 6. Nf3 Bb4 7. Bd3 dxc4 8. Bxc4 Qc7 9. Qb3 Ne4 10. Qxb4 Nc6 11. Nb5 Qb8 12. Qa3 a6 13. Nc3 Nxc3 14. bxc3 b5 15. Bd3 b4 16. Qb3 0-0 17. Rb1 Qd6 18. 0-0 a5 19. Qc2 h6 20. c4 Nxd4 21. Nxd4 Qxd4 22. a3 Rb8 23. axb4 axb4 24. Rd1 Qe5 25. c5 Qc7 26. Bd2 b3 27. Rxb3 1-0

[Event "IECC CL3-2003.01 email"]
[Site "IECC email"]
[Date "2003.01.08"]
[Round "?"]
[White "Hort, Wolfgang"]
[Black "Hervas, Fernando"]
[Result "0-1"]
[WhiteElo "1813"]
[BlackElo "1928"]
[PlyCount "124"]
[EventDate "2003.??.??"]
[EventType "tourn (corr)"]
[EventRounds "4"]
[SourceTitle "Corr 2008"]
[Source "ChessBase"]
[SourceDate "2008.06.24"]
[SourceVersion "1"]
[SourceVersionDate "2008.06.24"]
[SourceQuality "1"]

1. c4 c5 2. Nc3 Nf6 3. Nf3 d5 4. cxd5 Nxd5 5. e4 Nb4 6. Bc4 Nd3+ 7. Ke2 Nf4+ 8. Kf1 Ne6 9. Ne5 g6 10. Qa4+ Bd7 11. Nxd7 Qxd7 12. Bxe6 fxe6 13. Qxd7+ Nxd7 14. d3 Ne5 15. Ke2 0-0-0 16. Be3 b6 17. Rad1 Nc6 18. f4 Bh6 19. e5 g5 20. fxg5 Bg7 21. b3 Bxe5 22. Ne4 Nb4 23. a3 Nc2 24. Rc1 Nxe3 25. Kxe3 Kb7 26. Rcf1 Rhf8 27. h4 Bb2 28. a4 Ka6 29. h5 Ka5 30. Kd2 Bd4 31. Rxf8 Rxf8 32. Kc2 a6 33. g6 hxg6 34. h6 b5 35. axb5 axb5 36. h7 Kb4 37. Rh6 Ra8 38. g4 Ra2+ 39. Kd1 Ra8 40. Ng5 Kxb3 41. Nxe6 Rh8 42. g5 Kc3 43. Nf4 b4 44. Nxg6 Ra8 45. Nf4 Ra1+ 46. Ke2 b3 47. Nd5+ Kc2 48. Ne3+ Kc3 49. Rh4 Ra2+ 50. Kf3 Bh8 51. Rc4+ Kxd3 52. Rxc5 b2 53. Rb5 Ra3 54. Kf2 Bd4 55. Kf3 Kd2 56. Ke4 Ra4 57. Kf3 e6 58. g6 Bg7 59. Nf1+ Kc1 60. Rc5+ Kd1 61. Ne3+ Kd2 62. Rc2+ Kd3 0-1